00674nam a2200193 4500010001300000020002500013037001600038040001200054082001300066245003800079250001200117260002900129270004400158300004100202500001900243500014100262650003800403650003900441 aB-259195 a9781857434125c00.00 aCen Lib/Ret aDPLbEN a050bEUR aThe Europa world year book 2007 / a48th ed aLondon bRoutledgec2007 aHarines House, 21 John Street bLondon  a2 v. ; (v 1. 2562 ; v 2. 2563-5042 ) aincludes index a2 v. ; v 1. International origination countries: Afghanistan- Jordan (available) ; v 2. Countries: Kazakhstan- Zimbabwe (available)  aSocial indicators -- Periodicals. aEconomic indicators -- Periodicals